书目信息 |
| 题名: |
疯狂英语
|
|
| 作者: | 祝莉丽 , 牛艳平 主编 | |
| 分册: | 改变未来的声音 | |
| 出版信息: | 广州 中山大学出版社 2009.09 |
|
| 页数: | 345页 | |
| 开本: | 25cm | |
| 丛书名: | ||
| 单 册: | ||
| 中图分类: | H31 | |
| 科图分类: | ||
| 主题词: | 英语--ying yu--语言读物 , 演说--yan shuo--世界--汇编 | |
| 电子资源: | ||
| ISBN: | 978-7-306-03376-5 | |
| 000 | 01017nam0 2200277 450 | |
| 001 | 012009212375 | |
| 005 | 20100103145006.73 | |
| 010 | @a978-7-306-03376-5@dCNY29.80 (含光盘) | |
| 010 | @a978-7-88490-350-4@b光盘 | |
| 100 | @a20100103d2009 em y0chiy0120 ea | |
| 101 | 0 | @achi@aeng |
| 102 | @aCN@b440000 | |
| 105 | @aa z 000yy | |
| 106 | @ar | |
| 200 | 1 | @a疯狂英语@Afeng kuang ying yu@i改变未来的声音@f祝莉丽, 牛艳平主编@Fzhu li li,niu yan ping zhu bian |
| 210 | @a广州@c中山大学出版社@d2009.09 | |
| 215 | @a345页@c图@d25cm@e光盘1片 | |
| 330 | @a本书特色:50个板块,全面巩固和释放在《疯狂英语》中所学到的知识。针对性地设计特定句型和语法现象的讲解和操练,为您说出“正确”英语打下坚实的基础等。 | |
| 517 | 1 | @a改变未来的声音@Agai bian wei lai de sheng yin |
| 606 | 0 | @a英语@Aying yu@x语言读物 |
| 606 | 0 | @a演说@Ayan shuo@y世界@j汇编 |
| 690 | @aH31@v4 | |
| 701 | 0 | @a祝莉丽@Azhu li li@4主编 |
| 701 | 0 | @a牛艳平@Aniu yan ping@4主编 |
| 801 | 0 | @aCN@bQSSK@c20100103 |
| 905 | @b770551-55@dH31@eZ914@f5 | |
| 疯狂英语.改变未来的声音/祝莉丽, 牛艳平主编.-广州:中山大学出版社,2009.09 |
| 345页:图;25cm+光盘1片 |
| ISBN 978-7-306-03376-5:CNY29.80 (含光盘) |
| 本书特色:50个板块,全面巩固和释放在《疯狂英语》中所学到的知识。针对性地设计特定句型和语法现象的讲解和操练,为您说出“正确”英语打下坚实的基础等。 |
| ● |
| 相关链接 |
|
|
|
正题名:疯狂英语
索取号:H31/Z914
 
预约/预借
| 序号 | 登录号 | 条形码 | 馆藏地/架位号 | 状态 | 备注 |
| 1 | 770551 | 207705517 | 语言库209/209语言库 91排4列4层/ [索取号:H31/Z914] | 在馆 | |
| 2 | 770552 | 207705526 | 语言库209/209语言库 91排4列4层/ [索取号:H31/Z914] | 在馆 | |
| 3 | 770553 | 207705535 | 语言库209/209语言库 91排4列4层/ [索取号:H31/Z914] | 在馆 | |
| 4 | 770554 | 207705544 | 语言库209/209语言库 91排4列4层/ [索取号:H31/Z914] | 在馆 | |
| 5 | 770555 | 207705553 | 语言库209/209语言库 91排4列4层/ [索取号:H31/Z914] | 在馆 |